00000000nam##2200000za#4500
0019.531633
003CaOODSP
00520200401015009
007ta
008150406|1999||||xxc|||||     f|0| 0 fre|d
020 |a0-660-60816-2
040 |aCaOODSP|bfre
041 |aeng
041 |afre
043 |an-cn---
0861 |aBT31-2/2000-III-32
1101 |aCanada. |bConseil du trésor.
24510|aCommissariat aux langues officielles
260 |aOttawa - Ontario : |bSecrétariat du Conseil du Trésor du Canada |c1999.
300 |aTexte français, 34p. : |borganigramme, tableaux ; |c28 cm.
4901 |aBudget des dépenses 1999-2000, partie III: Rapport sur les plans et les priorités
546 |aBilingue
563 |aCouverture souple
590 |a99-13|b1999-04-01
69107|aPrévisions budgétaires|2gcpds
7760#|tCommissariat aux langues officielles, budget des dépenses 1999-2000, un rapport sur les plans et les priorités, approuvé |w(CaOODSP)9.599075
7760#|tOffice of the Commissioner of Official Languages, 1999-2000 main estimates, a report on plans and priorities, approved |w(CaOODSP)9.567750
791 |tOffice of the Commissioner of Official Languages |eeng|w(CaOODSP)9.531632
830#0|aBudget des dépenses 1999-2000, partie III: Rapport sur les plans et les priorités.|w(CaOODSP)9.508963